Online
Catalog

Nuevas fronteras en educación : (Record no. 22853)

MARC details
000 -CABECERA
campo de control de longitud fija 00716nam a2200205 a 4500
001 - NÚMERO DE CONTROL
campo de control 000023356
005 - FECHA Y HORA DE LA ÚLTIMA TRANSACCIÓN
campo de control 20200930022148.0
008 - DATOS DE LONGITUD FIJA--INFORMACIÓN GENERAL
campo de control de longitud fija 101203s1969 sp r 001 0 spa d
040 ## - FUENTE DE LA CATALOGACIÓN
Centro catalogador/agencia de origen DO-SdBNP
Lengua de catalogación spa
Centro/agencia transcriptor BNPHU
082 ## - NÚMERO DE LA CLASIFICACIÓN DECIMAL DEWEY
Número de clasificación xxxxx
Número de documento/Ítem G942n
049 ## - FONDOS LOCALES (OCLC)
Fondos de biblioteca BNGR
100 1# - ENTRADA PRINCIPAL--NOMBRE DE PERSONA
Nombre de persona Fuggenheim, Fred
9 (RLIN) 48112
245 10 - MENCIÓN DE TÍTULO
Título Nuevas fronteras en educación :
Resto del título organización escolar y medios didácticos /
Mención de responsabilidad, etc. Fred guggenheim , C. L. Guggenheim.
260 ## - PUBLICACIÓN, DISTRIBUCIÓN, ETC.
Lugar de publicación, distribución, etc. Madrid :
Nombre del editor, distribuidor, etc. Ediciones Morata,
Fecha de publicación, distribución, etc. 1969.
300 ## - DESCRIPCIÓN FÍSICA
Extensión 312 p. ;
Dimensiones 21 cm.
500 ## - NOTA GENERAL
Nota general Incluye índice alfabético.
504 ## - NOTA DE BIBLIOGRAFÍA, ETC.
Nota de bibliografía, etc. Incluye referencias bibliográficas y notas al pie de las páginas.
536 ## - NOTA DE INFORMACIÓN SOBRE LA FINANCIACIÓN
Texto de la nota New frontiers in education.
700 1# - PUNTO DE ACCESO ADICIONAL--NOMBRE DE PERSONA
Nombre de persona Guggenheim, C. L.
9 (RLIN) 48113
Holdings
Estado de retiro Estado de pérdida Restricciones de uso No para préstamo Código de colección Localización permanente Ubicación/localización actual Ubicación en estantería Fecha de adquisición Número de inventario Total de préstamos Signatura topográfica completa Código de barras Fecha visto por última vez Precio válido a partir de Tipo de ítem Koha
        Monografías: Libros y Folletos General General En catalogación 03.12.2010 LF1   xxxxx G942n 23356-10 25.06.2020 25.06.2020 Préstamo en sala

Powered by Koha